000 00593pab a2200169 454500
008 180718b2013 xxu||||| |||| 00| 0 eng d
100 _aRajendraprasad, K.N.
245 _aA study on the relationship between employees 'Trust, employees' attitudes and behaviors and organizational effectivenes with reference to real estate developers, in Coimbatore district, Tamil Nadu
260 _c2013
300 _ap.67-70.
362 _aJul-Dec
650 _aEmployees
700 _aRamachandran, A.
773 _aSouth Asian Journal of Socio-Political Studies
908 _aN
909 _a103039
999 _c103036
_d103036